A vág völgye Szulyó
Zobrazenie: Pohľad z výšky na priesmyk medzi skalnatými bralami, ktorým vedie cesta. V diaľke je zalesnený kopec.
| Format: | Postcard |
|---|---|
| Language: | Hungarian German |
| PhysicalDescription: | 1 pohľadnica kolorovaná 9 x 14 cm |
| Published: |
Trencsén
Gansel Lipót
[1914?]
|
| Subjects: |
MARC
| LEADER | 00000nkm a2200000 a 4500 | ||
|---|---|---|---|
| 001 | vtls011880992 | ||
| 003 | SK-MaSNL | ||
| 005 | 20260512125357.0 | ||
| 007 | kp ho | ||
| 008 | 230706q1914 xo g kuhun | ||
| 015 | |a SNBG1914 | ||
| 035 | |a urn:nbn:sk:snk-km00duo6 | ||
| 035 | |a urn:nbn:sk:snk-km3ltdx | ||
| 035 | |a 728DB923-0EDD-40B8-9F7F-553FD5F0EBC3 | ||
| 040 | |a SNK |b slo |c SNK |e AACR2 | ||
| 041 | 0 | |a hun |a ger | |
| 043 | |a e-xo--- | ||
| 044 | |a xo |c SK | ||
| 072 | 7 | |a 908(437) |x Vlastiveda Česka a Slovenska |2 konspekt | |
| 080 | |a 908(437.6) |2 2011 | ||
| 080 | |a 551.435.4 |2 2011 | ||
| 080 | |a 94(084.121) |2 2011 | ||
| 245 | 0 | 2 | |a A vág völgye |h grafika |b Szulyó |
| 246 | 3 | 1 | |a Das Waagthal |b Szulyó |
| 260 | |a Trencsén |b Gansel Lipót |c [1914?] | ||
| 300 | |a 1 pohľadnica |b kolorovaná |c 9 x 14 cm | ||
| 500 | |a Na adresnej časti pohľadnice uvedené: "514" | ||
| 500 | |a Názvové údaje prevzaté z obrazovej časti pohľadnice | ||
| 500 | |a Na adresnej časti pohľadnice uvedené: "2345" | ||
| 520 | 8 | |a Zobrazenie: Pohľad z výšky na priesmyk medzi skalnatými bralami, ktorým vedie cesta. V diaľke je zalesnený kopec. | |
| 546 | |a Súbežný názov v nemčine | ||
| 650 | 0 | 7 | |a skalné útvary |2 SNKPH |9 115197 |
| 651 | 7 | |a Súľovské skaly (Súlovské vrchy, Slovensko) |2 SNKPHgeo |9 185959 | |
| 655 | 7 | |a geografické pohľadnice |2 SNKPH |9 70522 | |
| 655 | 7 | |a historické pohľadnice |2 SNKPH |9 159703 | |
| 752 | |a Slovensko |d Trenčín | ||
| 852 | |a Slovenská národná knižnica | ||
| 958 | |a GBN | ||
| 958 | |a ONDV | ||
| 958 | |a GC | ||
| 999 | |c 1033439 |d 1035369 | ||
| 952 | |a SNK |b SNK |y PREZ |7 0 |p 17A1284809 |o snkSP 109955 |z Pohľadnica prešla poštou. |0 0 |1 0 |4 0 |d 2019-08-09 |f 1 |l 0 |r 2026-02-24 14:00:58 |w 2026-02-24 | ||


